Представление документа в формате RUSMARC

ПолеНазваниеЗначение
  Тип записи a
  Библиографический уровень c
001 Контрольный номер RU/SLIB/B/208781717
005 Дата корректировки 20241226090211.6
010 Индекс ISBN __
d Цена 1-20
101 Язык документа 0_
a Язык текста rus
200 Заглавие и сведения об ответственности 1_
a Заглавие Президент не уходит в отставку
e Сведения, относящиеся к заглавию повести
f Первые сведения об ответственности В. Ф. Козлов ; послесл. Н. Пантелеймонова ; рис. С. Острова
b Общее обозначение материала Текст
210 Выходные данные 1_
a Место издания Л.
c Издательство Дет. лит.
d Дата издания 1979
215 Физическое описание __
a Объем 544 с.
c Иллюстрации/тип воспроизводства ил., 1 л. портр.
327 Примечание о содержании 0_
a Примечание о содержании Президент Каменного острова
330 Аннотация __
a Аннотация В книге две повести. Герои первой "Президент Каменного острова" - замечают, что ночью на острове, расположенном посреди озера мелькают огоньки. Оказывается там расположена мальчишеская республика. Вторая повесть - "Президент не уходит в отставку" - о дальнейшей судьбе героев, их дружбе и первой любви.
606 Тематические рубрики __
a Основная рубрика Художественная литература
z Хронологическая подрубрика 20 в.
y Географическая подрубрика Россия
606 Тематические рубрики __
a Основная рубрика Русская литература XX в. (произведения)
610 Ключевые слова 0_
a Ключевые слова проза; прозаики; повести; тема любви; тема дружбы; тема охраны природы; браконьеры; первая любовь
686 Индексы других классификаций __
a Классификационный индекс 84(2Рос=Рус)6-4 ; ст84(2Рос=Рус)6-4
700 Автор _1
a Фамилия Козлов
b Имя В. Ф.
4 Код отношения 070
702 Вторичная интеллектуальная ответственность _1
a Фамилия Пантелеймонов
b Имя Н.
4 Код отношения Автор предисловия и т.д.
4 Код отношения 080
702 Вторичная интеллектуальная ответственность _1
a Фамилия Остров
b Имя С.
4 Код отношения Художник
4 Код отношения 040
801 Источник записи _0
a Страна RU
b Организация Муниципальное бюджетное учреждение культуры "Централизованная библиотечная система" г. Сургут (Центральная городская библиотека им. А. С. Пушкина)
g Правила каталогизации КиК/Чорнонос Е.В.
801 Источник записи _1
a Страна RU
b Организация Муниципальное бюджетное учреждение культуры "Централизованная библиотечная система" г. Сургут (Центральная городская библиотека им. А. С. Пушкина)
g Правила каталогизации КиК/Чорнонос Е.В.
852 Данные о местонахождении __
j Шифр хранения 84(2Рос=Рус)6-4
i Авторский знак К 59
p Инвентарный номер 2866
901 Тип документа __
t Тип документа x
969 Тип издания __
a Тип издания сборник
990 Данные о заказе (DOS) __
j Количество экземпляров (DOS) 1
t N записи в КСУ для И/У (DOS) 199101